| 000 | 00379nam a2200145Ia 4500 | ||
|---|---|---|---|
| 008 | 230917s9999||||xx |||||||||||||| ||und|| | ||
| 040 |
_e51567 _aMAIN |
||
| 041 | _aEnglish | ||
| 082 | _a412 G286S | ||
| 100 | _aGanette, Gerard [et al] | ||
| 245 | 0 | _aStructuralism and literary criticism | |
| 260 |
_aChandigarh _bBahri Publications _c1979 |
||
| 300 | _aix, 73 p. | ||
| 942 | _cBK | ||
| 999 |
_c205970 _d205970 |
||